• 首页
  • 本馆介绍
  • 公告通知
  • 最新文献
  • 馆藏检索
  • 电子资源
  • 读者导购
  • 参考咨询
  • 我的图书馆
  • 登录
  • 详细信息显示
  • 放入我的书架
  • 预约/预借图书
  • 作者相关作品
  • 分类相关作品
  • 丛书相关作品
  • 出版社相关作品

书目信息

  • 表格格式
  • 工作单格式
  • 卡片格式
题名:
全真试题解析
    
 
作者: 姜臻炜 , 张军 编著
分册:  
出版信息: 大连   大连理工大学出版社  2007.01
页数: 256页
开本: 26cm
丛书名: 2007全国监理工程师执业资格考试考前辅导教材
单 册:
中图分类: TU712-44
科图分类:
主题词: 建筑工程--监督管理--考核--教材 , 建筑工程--监督管理--考核--试题 , 建筑工程 , 监督管理
电子资源:
ISBN: 978-7-5611-3476-4
000 01151nam0 2200325 450
001 003388503
005 20070511120317.0
010    @a978-7-5611-3476-4@dCNY38.00
100    @a20070319d2007 em y0chiy0110 ea
101 0  @achi
102    @aCN@b210000
105    @ay zq 000yy
106    @ar
200 1  @a全真试题解析@Aquan zhen shi ti jie xi@e2004~2006@f姜臻炜,张军编著
210    @a大连@c大连理工大学出版社@d2007.01
215    @a256页@d26cm
225 2  @a2007全国监理工程师执业资格考试考前辅导教材
330    @a本书共分四章。内容包括:建设工程合同管理,建设工程质量、投资、进度控制,建设工程监理基本理论与相关法规,建设工程监理案例分析。每章之下都按年代先后顺序分别收录了2004-2006年的试题及解析。
410  0 @12001 @a2007全国监理工程师执业资格考试考前辅导教材
517 1  @a2004~2006@A
606 0  @a建筑工程@x监督管理@x考核@j教材
606 0  @a建筑工程@x监督管理@x考核@x试题
606 0  @a建筑工程
606 0  @a监督管理
690    @aTU712-44@v4
701  0 @a姜臻炜@Ajiang zhen wei@4编著
701  0 @a张军@Azhang jun@c(建筑)@4编著
801  0 @aCN@bNLC@c20070514
905   @aBZT@dTU712-44@e5@f6
906    @dCNY38.00@n0@r1
    
    全真试题解析:2004~2006/姜臻炜,张军编著.-大连:大连理工大学出版社,2007.01
    256页;26cm.-(2007全国监理工程师执业资格考试考前辅导教材)
    
    
    ISBN 978-7-5611-3476-4:CNY38.00
    本书共分四章。内容包括:建设工程合同管理,建设工程质量、投资、进度控制,建设工程监理基本理论与相关法规,建设工程监理案例分析。每章之下都按年代先后顺序分别收录了2004-2006年的试题及解析。
●
相关链接 在五车中查询图书 在当当中查询图书 在豆瓣中查询图书


正题名:全真试题解析     索取号:TU712-44/5         预约/预借

序号 登录号 条形码 馆藏地/架位号 状态 备注
1 747912   2000747912   中心书库中库/ 中库022架B面6列4层21/ [索取号:TU712-44/5] 在馆    
2 747913   2000747913   中心书库中库/ 中库022架B面6列4层10/ [索取号:TU712-44/5] 在馆    
3 747914   2000747914   中心书库中库/ 中库022架B面6列4层16/ [索取号:TU712-44/5] 在馆    
4 747915   2000747915   中心书库中库/ 中库022架B面6列4层15/ [索取号:TU712-44/5] 在馆    
5 747916   2000747916   中心书库中库/ 中库022架B面6列4层17/ [索取号:TU712-44/5] 在馆    
6 747917   2000747917   中心书库中库/ 中库022架B面6列4层18/ [索取号:TU712-44/5] 在馆    
山东省滨州职业学院图书馆 欢迎您!
大连网信软件有限公司© 版权所有